Celibacy , Success or Failure (Record no. 46218)
[ view plain ]
| 000 -LEADER | |
|---|---|
| fixed length control field | 00445nam a2200181Ia 4500 |
| 003 - CONTROL NUMBER IDENTIFIER | |
| control field | 0100 |
| 008 - FIXED-LENGTH DATA ELEMENTS--GENERAL INFORMATION | |
| fixed length control field | 130303s9999 xx 000 0 und d |
| 040 ## - CATALOGING SOURCE | |
| Transcribing agency | ARRUPELIB |
| 050 ## - LIBRARY OF CONGRESS CALL NUMBER | |
| Classification number | HQ800.C313 1960 |
| 100 ## - MAIN ENTRY--PERSONAL NAME | |
| Personal name | Carre, A.M |
| 245 ## - TITLE STATEMENT | |
| Title | Celibacy , Success or Failure |
| 245 ## - TITLE STATEMENT | |
| Remainder of title | A Symposium of Views and Testomonies introduced |
| 260 ## - PUBLICATION, DISTRIBUTION, ETC. (IMPRINT) | |
| Place of publication, distribution, etc | Cork, Ireland |
| 260 ## - PUBLICATION, DISTRIBUTION, ETC. (IMPRINT) | |
| Name of publisher, distributor, etc | The Mercier PR LTD |
| 260 ## - PUBLICATION, DISTRIBUTION, ETC. (IMPRINT) | |
| -- | 1960 |
| 300 ## - PHYSICAL DESCRIPTION | |
| Extent | 182p |
| 942 00 - ADDED ENTRY ELEMENTS (KOHA) | |
| Koha issues (borrowed), all copies | 3 |
| Withdrawn status | Lost status | Source of classification or shelving scheme | Damaged status | Not for loan | Collection code | Home library | Current library | Shelving location | Date acquired | Total Checkouts | Full call number | Barcode | Date last seen | Date checked out | Copy number | Price effective from | Koha item type |
|---|---|---|---|---|---|---|---|---|---|---|---|---|---|---|---|---|---|
| Library of Congress Classification | Main Collection | ARRUPE LIBRARY | ARRUPE LIBRARY | 04/03/2013 | 3 | HQ800.C313 1960 | 46003048599 | 09/05/2018 | 09/05/2014 | 1 | 04/03/2013 | Monograph ( Printed materials) |